Творчiсть Лесi Украïнки та iнших письменникiв i митцiв новiтньоï доби в полiкультурному середовищi (Запись № 13154449)

Подробности
000 -МАРКЕР
контрольное поле 02758nam0a2200409 4500
001 - ИДЕНТИФИКАТОР ЗАПИСИ
контрольное поле RU\NLR\BIBL_A\012791522
005 - ИДЕНТИФИКАТОР ВЕРСИИ
контрольное поле 20220720200306.0
010 ## - МЕЖДУНАРОДНЫЙ СТАНДАРТНЫЙ НОМЕР КНИГИ (ISBN)
Номер (ISBN) 978-5-6047623-2-5
021 ## - НОМЕР ГОСУДАРСТВЕННОЙ РЕГИСТРАЦИИ
Код страны Российская Федерация
Номер КН-П-22-006617
Номер Листа государственной регистраци КН-П-22-0530
035 ## - ДРУГИЕ СИСТЕМНЫЕ НОМЕРА
Идентификатор записи (NLR Aleph) 012791522
035 ## - ДРУГИЕ СИСТЕМНЫЕ НОМЕРА
Идентификатор записи (RuMoRGB)010971591
100 ## - ДАННЫЕ ОБЩЕЙ ОБРАБОТКИ
Данные общей обработки 20220518d2021 k y0rusy50 ca
101 0# - ЯЗЫК РЕСУРСА
Язык текста, звукозаписи и т.д. украинский
102 ## - СТРАНА ПУБЛИКАЦИИ ИЛИ ПРОИЗВОДСТВА
Страна публикации Российская Федерация
105 ## - ПОЛЕ КОДИРОВАННЫХ ДАННЫХ: ТЕКСТОВЫЕ МАТЕРИАЛЫ, МОНОГРАФИЧЕСКИЕ
Кодированные данные о монографическом текстовом документе a|||z|||000zy
200 1# - ЗАГЛАВИЕ И СВЕДЕНИЯ ОБ ОТВЕТСТВЕННОСТИ
Основное заглавие Творчiсть Лесi Украïнки та iнших письменникiв i митцiв новiтньоï доби в полiкультурному середовищi
Сведения, относящиеся к заглавию збiрник наукових праць
-- (матерiалы i тези конференцiï)
Первые сведения об ответственности Крымський федеральний унiверситет iменi В.И. Вернадського, Iнститут фiлологiïи, Кафедра украïнскоï фiлологiï
Последующие сведения об ответственности наук. ред. Н.И. Пелипась
210 ## - ПУБЛИКАЦИЯ, РАСПРОСТРАНЕНИЕ И ДР.
Место издания, распространения и т.д. Симферополь
Имя издателя, распространителя и т. д. Видавничий дом КФУ
Дата издания, распространения и т.д. 2021
Место изготовления Симферополь
215 ## - ФИЗИЧЕСКАЯ ХАРАКТЕРИСТИКА
Специфическое обозначение материала и объем 119 с.
Другие сведения о физической характеристике ил.
Размеры 21
300 ## - ОБЩИЕ ПРИМЕЧАНИЯ
Текст примечания Текст на укр. и рус. яз.
320 ## - ПРИМЕЧАНИЯ О НАЛИЧИИ В ДОКУМЕНТЕ БИБЛИОГРАФИИ / УКАЗАТЕЛЯ
Текст примечания Библиогр. в конце ст.
600 #1 - ИМЯ ЛИЦА КАК ПРЕДМЕТ
Начальный элемент ввода Украинка
Часть имени, кроме начального элемента ввода Л.
Расширение инициалов личного имени Леся
Даты 1871 - 1913
Формальный подзаголовок Съезды, совещания и т.п.
Код системы nlr_sh1
-- nlr_sh2
Идентификатор авторитетной/нормативной записи RU\NLR\AUTH\66635607
606 1# - НАИМЕНОВАНИЕ ТЕМЫ КАК ПРЕДМЕТ
Наименование темы Украинская литература
Формальный подзаголовок Съезды, совещания и т.п.
Код системы nlr_sh1
-- nlr_sh2
Идентификатор авторитетной/нормативной записи RU\NLR\AUTH\66278389
606 1# - НАИМЕНОВАНИЕ ТЕМЫ КАК ПРЕДМЕТ
Наименование темы Русская советская литература
Формальный подзаголовок Съезды, совещания и т.п
Код системы nlr_sh1
-- nlr_sh2
Идентификатор авторитетной/нормативной записи RU\NLR\AUTH\66496
686 1# - ИНДЕКСЫ ДРУГИХ КЛАССИФИКАЦИЙ
Индекс Ш5(2=Ук)5-4Украинка.я434
686 1# - ИНДЕКСЫ ДРУГИХ КЛАССИФИКАЦИЙ
Индекс Ш5(2=Ук)я431
686 2# - ИНДЕКСЫ ДРУГИХ КЛАССИФИКАЦИЙ
Индекс Ш5(2=Р)7я431
702 #1 - ИМЯ ЛИЦА - ВТОРИЧНАЯ ОТВЕТСТВЕННОСТЬ
Начальный элемент ввода Пелипась
Часть имени, кроме начального элемента ввода Н. И.
Даты 1974-
Расширение инициалов личного имени Николай Иванович
Код отношения Редактор
702 #1 - ИМЯ ЛИЦА - ВТОРИЧНАЯ ОТВЕТСТВЕННОСТЬ
Начальный элемент ввода Украïнка
Часть имени, кроме начального элемента ввода Л.
Даты 1871-1913
Расширение инициалов личного имени Леся
Идентификатор авторитетной/нормативной записи RU\NLR\AUTH\7790949
Код отношения Объект посвящения
711 12 - НАИМЕНОВАНИЕ ОРГАНИЗАЦИИ - АЛЬТЕРНАТИВНАЯ ОТВЕТСТВЕННОСТЬ
Начальный элемент ввода "Творчість Лесі Українки та інших письменників і митцiв новітньої доби в полікультурному середовищі", науково-практична конференція
Порядковый номер временной организации и / или порядковый номер ее части 20
Дата проведения временной организации 2021
Место проведения временной организации Сімферополь
Идентификатор авторитетной/нормативной записи RU\NLR\AUTH\880567857
712 02 - НАИМЕНОВАНИЕ ОРГАНИЗАЦИИ - ВТОРИЧНАЯ ОТВЕТСТВЕННОСТЬ
Начальный элемент ввода Кримський федеральний університет ім. В. І. Вернадського
Идентифицирующий признак Сiмферополь
Структурное подразделение Інститут філології
-- Кафедра українськой філології
Идентификатор авторитетной/нормативной записи RU\NLR\AUTH\880561259
Код отношения Прочие
942 ## - ДОПОЛНИТЕЛЬНЫЕ ЭЛЕМЕНТЫ ЗАПИСИ (АБИС)
Тип экземпляра АБИС Книга
980 ## - КОЛЛЕКЦИЯ
Название коллекции Национальная библиография
Экземпляры
Тип экземпляра Дата поступления Источник поступления Библиотека постоянного хранения Библиотека текущего хранения Место хранения Шифр хранения Штрих-код Статус экземпляра
Книга 18.05.2022 Обязательный экземпляр РНБ (Московский) РНБ (Московский) Русский книжный фонд: издания с 1957 года 2022-3/12976 1-3802993  
Книга 18.05.2022 Обязательный экземпляр РНБ (Московский) РНБ (Московский) Обменный фонд   1-3802994